Ethnicity, citizenship and state in Eastern Africa /

Bibliographic Details
Main Author: Tarimo, Aquiline
Format: eBook
Language:English
Published: Mankon, Bamenda : Langaa, 2011.
Subjects:
Online Access:Connect to the full text of this electronic book

MARC

Tag First Indicator Second Indicator Subfields
LEADER 00000cam a22000004a 4500
001 in00003385821
005 20190405181413.0
006 m o d
007 cr |||||||nn|n
008 110314s2011 cm o d eng d
020 |a 9789956579785 
020 |z 9789956579990 
035 |a (MdBmJHUP)muse9789956579785 
040 |a MdBmJHUP  |c MdBmJHUP  |d UtOrBLW 
043 |a fe----- 
100 1 |a Tarimo, Aquiline. 
245 1 0 |a Ethnicity, citizenship and state in Eastern Africa /  |c Aquiline Tarimo. 
264 1 |a Mankon, Bamenda :  |b Langaa,  |c 2011. 
300 |a 1 online resource (1 online resource (iv, 150 pages)) 
336 |a text  |b txt  |2 rdacontent 
337 |a computer  |b c  |2 rdamedia 
338 |a online resource  |b cr  |2 rdacarrier 
504 |a Includes bibliographical references (pages 143-150). 
588 |a Description based on print version record.  |a Description based on print version record. 
588 |a Description based on print version record. 
500 |a Electronic resource. 
650 0 |a Citizenship  |z Africa, East. 
650 0 |a Ethnicity  |z Africa, East. 
655 7 |a Electronic books.  |2 local 
856 4 0 |u http://proxy.library.tamu.edu/login?url=http://muse.jhu.edu/books/9789956579785/  |z Connect to the full text of this electronic book  |t 0 
999 |a MARS 
999 f f |s 3af7be04-6c4f-36ff-85e1-9d3e6fda52e5  |i fd9c5a4c-72ec-37eb-b29e-39e2c7e61e22  |t 0 
952 f f |a Texas A&M University  |b College Station  |c Electronic Resources  |d Available Online  |t 0  |h No information provided 
998 f f |t 0  |l Available Online